Normal view
MARC view
- Gudidha Gopi
Entry Personal Name
001 - CONTROL NUMBER
- control field: 5115
003 - CONTROL NUMBER IDENTIFIER
- control field: OSt
005 - DATE AND TIME OF LATEST TRANSACTION
- control field: 20211028150619.0
008 - FIXED-LENGTH DATA ELEMENTS
- fixed length control field: 211028|| aca||aabn | a|a d
040 ## - CATALOGING SOURCE
- Original cataloging agency: OSt
- Transcribing agency: OSt
100 ## - HEADING--PERSONAL NAME
- Personal name: Gudidha Gopi
670 ## - SOURCE DATA FOUND
- Source citation: Work cat.: (OSt): Gudidha Gopi, Spatial mapping of flood prone areas and risk Assessment of Chalakudy River basin using HEC- HMS and HEC-RAS Models, 2021
